| 000 | 00732cam a22002171 4500 | ||
|---|---|---|---|
| 001 | sd 40000053 | ||
| 003 | DLC | ||
| 005 | 20260227112733.0 | ||
| 008 | 830110s1938 cc 000 0 eng c | ||
| 010 | _asd 40000053 | ||
| 035 | _a(OCoLC)9116421 | ||
| 040 |
_aU. S. Dept. of State Libr. _cCCC _dCCC _dDLC |
||
| 042 | _apremarc | ||
| 050 | 0 | 0 |
_aDS777.53 _b.C58332 1938c |
| 110 | 2 | _aChina Information Committee. | |
| 245 | 1 | 0 | _aJapanese trample on foreign rights in China. |
| 260 |
_aHankow, China, _bPubl. by the China Information Committee; _a[Hong Kong, _bPrinted by South China Morning Post, Ltd., _c1938] |
||
| 300 |
_a1 p. l., 16 p. _c25 cm. |
||
| 650 | 0 | _aSino-Japanese War, 1937-1945. | |
| 651 | 0 |
_aChina _xForeign population. |
|
| 999 |
_c89836 _d89836 |
||